Confianza en el futuro : (Registro nro. 6042)
[ vista simple ]
| 000 -LEADER | |
|---|---|
| fixed length control field | 01357nam a2200313Ia 4500 |
| 003 - CONTROL NUMBER IDENTIFIER | |
| control field | OSt |
| 005 - DATE AND TIME OF LATEST TRANSACTION | |
| control field | 20200821092923.0 |
| 008 - FIXED-LENGTH DATA ELEMENTS--GENERAL INFORMATION | |
| fixed length control field | 191128s2009 ck ad gr 000 0 spa d |
| 020 ## - INTERNATIONAL STANDARD BOOK NUMBER | |
| International Standard Book Number | 9789584519252 |
| 040 ## - CATALOGING SOURCE | |
| Original cataloging agency | Co-JMCR |
| Transcribing agency | Co-JMCR |
| 041 0# - LANGUAGE CODE | |
| Language code of text/sound track or separate title | spa |
| 082 04 - DEWEY DECIMAL CLASSIFICATION NUMBER | |
| Classification number | 368.4004 / |
| Item number | M971c |
| Edition number | 23 |
| 100 1# - MAIN ENTRY--PERSONAL NAME | |
| Personal name | Muñoz, Ángel, |
| Relator term | autor |
| 9 (RLIN) | 9045 |
| 245 10 - TITLE STATEMENT | |
| Title | Confianza en el futuro : |
| Remainder of title | propuestas para un mejor sistema de pensiones en Colombia / |
| Statement of responsibility, etc. | Ángel Muñoz, Carolina Romero, Juan Téllez, David Tuesta |
| 260 ## - PUBLICATION, DISTRIBUTION, ETC. | |
| Place of publication, distribution, etc. | Bogotá : |
| Name of publisher, distributor, etc. | Grupo Editorial Norma, |
| Date of publication, distribution, etc. | 2009. |
| 300 ## - PHYSICAL DESCRIPTION | |
| Extent | 218 páginas : |
| Other physical details | graficos a blanco y negro ; |
| Dimensions | 23 cm. |
| 490 0# - SERIES STATEMENT | |
| Series statement | Estudios previsionales |
| 500 ## - GENERAL NOTE | |
| General note | Incluye datos biográficos de los autores en solapa frontal. |
| 504 ## - BIBLIOGRAPHY, ETC. NOTE | |
| Bibliography, etc. note | Bibliografía : páginas 205-218. |
| 505 0# - FORMATTED CONTENTS NOTE | |
| Formatted contents note | La reforma de pensiones y el desempeño del sistema en los últimos 15 años -- Efecto económico de las reformas pensionales : ¿Qué hemos aprendido? -- Contexto y metedología para las proyecciones de mediano plazo |
| 650 24 - SUBJECT ADDED ENTRY--TOPICAL TERM | |
| Topical term or geographic name entry element | Seguridad social |
| Geographic subdivision | Colombia |
| 9 (RLIN) | 7785 |
| 650 24 - SUBJECT ADDED ENTRY--TOPICAL TERM | |
| Topical term or geographic name entry element | Pensiones |
| Geographic subdivision | Colombia |
| 9 (RLIN) | 8670 |
| 650 24 - SUBJECT ADDED ENTRY--TOPICAL TERM | |
| Topical term or geographic name entry element | Reforma pensional |
| 9 (RLIN) | 9046 |
| 650 24 - SUBJECT ADDED ENTRY--TOPICAL TERM | |
| Topical term or geographic name entry element | Propuestas |
| Geographic subdivision | Colombia |
| 9 (RLIN) | 9047 |
| 700 1# - ADDED ENTRY--PERSONAL NAME | |
| Personal name | Romero, Carolina, |
| Relator term | autora |
| 9 (RLIN) | 9048 |
| 700 1# - ADDED ENTRY--PERSONAL NAME | |
| Personal name | Téllez, Juana, |
| Relator term | autora |
| 9 (RLIN) | 9049 |
| 700 1# - ADDED ENTRY--PERSONAL NAME | |
| Personal name | Tuesta, David, |
| Relator term | autora |
| 9 (RLIN) | 9050 |
| 942 ## - ADDED ENTRY ELEMENTS (KOHA) | |
| Source of classification or shelving scheme | Dewey Decimal Classification |
| Koha item type | Books |
| Withdrawn status | Lost status | Source of classification or shelving scheme | Materials specified (bound volume or other part) | Damaged status | Not for loan | Home library | Current library | Shelving location | Date acquired | Source of acquisition | Full call number | Barcode | Date last seen | Copy number | Price effective from | Koha item type | Total Checkouts |
|---|---|---|---|---|---|---|---|---|---|---|---|---|---|---|---|---|---|
| Dewey Decimal Classification | Donación--15/04/2018-- | Biblioteca Pública José María del Castillo y Rada | Biblioteca Pública José María del Castillo y Rada | General Stacks | 11/28/2019 | Donación | 368.4004 / M971c | 430011551 | 05/16/2024 | Ej.1 | 11/28/2019 | Books | |||||
| Dewey Decimal Classification | Donación--15/04/2018-- | Biblioteca Pública José María del Castillo y Rada | Biblioteca Pública José María del Castillo y Rada | General Stacks | 11/28/2019 | Donación | 368.4004 / M971c | 430011552 | 05/16/2024 | Ej.2 | 11/28/2019 | Books |